| 000 | 00497nam a2200205Ia 4500 | ||
|---|---|---|---|
| 003 | OSt | ||
| 005 | 20140319125554.0 | ||
| 008 | 140130s9999 xx 000 0 und d | ||
| 020 | _a0590994565 | ||
| 050 |
_aPZ 7 _b.L6634Al 1968 |
||
| 100 | _aLionni, Leo | ||
| 245 |
_cLeo Lionni _aThe alphabet tree / |
||
| 260 |
_bScholastic, _c1968. _aNew York : |
||
| 300 |
_a1 v. (unpaged) : _bcol. ill. ; _c28 cm. |
||
| 440 | _v1 | ||
| 521 | _aG4 | ||
| 526 | _c630 | ||
| 942 |
_cBK _2lcc |
||
| 999 |
_c40799 _d40799 |
||